000 00200nam a2200073Ia 4500
008 170524s9999 xx 000 0 und d
100 _aFISCHER- DONALD E
245 0 _aSECURITY ANALYSIS & PORTFOLIO MANAGEMENT
260 _bPHI NEW DELHI
999 _c8097
_d8097